000 01055nam a2200217Ia 4500
999 _c39395
_d39395
001 5984
003 GE_BSU
005 20221101112151.0
008 181216s2010ru xx |||||||||||||| ||rus||
020 _a978 9941 14 830 9
040 _cGE_BSU
041 _arus
080 _a622.24 В-18
100 _aВаршаломидзе, Г.Х.
_915684
245 _aСовременные методы и технологии бурения нефтяных и газовых скважин /
_cГ.Х. Варшаломидзе.
264 _aТбилиси :
_bГрузинский технический ун-т,
_c2010.
300 _a1001 стр.
_b с илл.
_c24 см.
653 _aСовременные методы и технологии бурения нефтяных и газовых скважин
653 _aნავთობისა და გაზის ჭაბურღილების ბურღვის თანამედროვე მეთოდები და ტექნოლოგიები
942 _cBK
_2udc